UK Motorways by Length - Statistics

General Stats
  • This quiz has been taken 18 times
  • The average score is 6 of 20
Answer Stats
# Length (mi) Length (km) Answer % Correct
1 232 374 M6
100%
2 194 311 M1
94%
3 189 304 M4
88%
4 163 262 M5
82%
5 117 188 M25
53%
6 107 175 M62
53%
7 89 143 M40
24%
8 60 97 M8
24%
10 55 89 M11
18%
9 59 94 M3
18%
19 26 42 M18
6%
11 51 81 M20
6%
12 40 64 M42
6%
14 36 58 M60
6%
16 33 54 M56
0%
20 26 41 M65
0%
18 27 (26.5) 43 (42.6) M6 Toll
0%
=12 40 64 M74
0%
17 27 43 M9
0%
15 36 58 M90
0%
No matching quizzes found
Score Distribution
Percent of People with Each Score
Percentile by Number Answered
Your Score History
You have not taken this quiz